01010nam a2200277 a 450000100060000000300090000600500170001500800410003202000210007302000210009403500180011504000280013304100080016108200290016910000290019824500630022726000440029030000380033450400630037265100460043565100460048183000350052794200120056299900170057495201410059145203BD-RJUL 20211209053958.0160724s1969 enk b 001 0 eng  z043301347 (hbk.) a043301355 (pbk.) aBD-RJUL 45321 aDLCcDLCdm.cdOCLbeng aeng 223 a330.954 bMAE 1969 1 aMaddison, Angus.913848810aEconomic growth in Japan and the USSR / c Angus Maddison  aLondon :bGeorge Allen & Unwin,cc1969. axxviii, 174 p. :bill. ; c23 cm. aIncludes bibliographical references (p.137-141) and index. 0aJapanxEconomic conditionsy1868-9138489 0aSoviet UnionxEconomic conditions9138490 0aUnwin university books9134696 2ddccBK c45203d45203 00102ddc40708NFICaRUCLbRUCLcStackd1970-07-16eZeithlingerg46.00l0o330.954 MAE 1969r2016-07-24 00:00:00tC-2w2016-07-24yBK